Sports Quiz

Random Sports Quiz

Phillies All-Veteran Stadium Team Quiz Stats

Quiz not verified by Sporcle

Challenge
Share
Tweet
Embed
Score 0/12 Timer 02:00
0 Plays Today
% Correct
Michael Jack Schmidt
97.4%
Steve 'Lefty' Carlton
88.3%
Larry Bowa
86%
Darren 'Dutch' Daulton
69.5%
Tug McGraw
69.5%
Garry Maddox
67.5%
Greg 'Bull' Luzinski
64.6%
John Kruk
62.7%
Dallas Green
60.7%
Curt Schilling
59.7%
Juan Samuel
46.4%
Bobby Abreu
46.1%

You're not logged in!

Compare scores with friends on all Sporcle quizzes.
Sign Up with Email
OR
Log In

You Might Also Like...

Show Comments

Extras

Top Quizzes Today


Score Distribution

Your Account Isn't Verified!

In order to create a playlist on Sporcle, you need to verify the email address you used during registration. Go to your Sporcle Settings to finish the process.

Report this User

Report this user for behavior that violates our Community Guidelines.

Details: